Catálogo público

Notes on homoptera from lllinois, with description of new forms, chiefly eupteryginae / (Record no. 206902)

MARC details
000 -CABECERA
campo de control de longitud fija 00866nam a2200277Ia 4500
001 - NÚMERO DE CONTROL
campo de control Para_8058
003 - IDENTIFICADOR DEL NÚMERO DE CONTROL
campo de control CHAP
008 - DATOS DE LONGITUD FIJA--INFORMACIÓN GENERAL
campo de control de longitud fija 220125s1926 xx 000 0 und d
010 ## - NÚMERO DE CONTROL DE LA BIBLIOTECA DEL CONGRESO
Número de control de LC 206902
040 ## - FUENTE DE LA CATALOGACIÓN
Centro/agencia transcriptor CHAP
082 ## - NÚMERO DE LA CLASIFICACIÓN DECIMAL DEWEY
Número de clasificación PA-C 595.75 H4
100 ## - ENTRADA PRINCIPAL--NOMBRE DE PERSONA
Nombre de persona Mcatee, W. L.
9 (RLIN) 73350
245 ## - MENCIÓN DE TÍTULO
Título Notes on homoptera from lllinois, with description of new forms, chiefly eupteryginae /
Mención de responsabilidad, etc. by W. L. Mcatee
260 ## - PUBLICACIÓN, DISTRIBUCIÓN, ETC.
Lugar de publicación, distribución, etc. Urbana, Ill. :
Nombre del editor, distribuidor, etc. Division of the Natural History Survey
300 ## - DESCRIPCIÓN FÍSICA
Extensión 10 p.
440 ## - MENCIÓN DE SERIE/PUNTO DE ACCESO ADICIONAL--TÍTULO
Título Hemiptera; 13
9 (RLIN) 173248
500 ## - NOTA GENERAL
Nota general Encuadernado con otros impreoso similares
650 ## - PUNTO DE ACCESO ADICIONAL DE MATERIA--TÉRMINO DE MATERIA
Término de materia o nombre geográfico como elemento de entrada Hemípteros
Subdivisión general colecciones de escritos Hemipteros
-- llinois
9 (RLIN) 173267
901 ## - ELEMENTOS DE DATOS A LOCAL LDA (RLIN)
a PA-C 595.75 H4
902 ## - ELEMENTOS DE DATOS B LOCAL, LDB (RLIN)
a A
905 ## - ELEMENTOS DE DATOS E LOCAL, LDE (RLIN)
a 0000001926 0000000000 00
910 ## - DATOS DE OPCIÓN DEL USUARIO (OCLC)
Datos de opción del usuario 1926
942 ## - ELEMENTOS DE PUNTO DE ACCESO ADICIONAL (KOHA)
Tipo de ítem Koha Parasitologia_
942 ## - ELEMENTOS DE PUNTO DE ACCESO ADICIONAL (KOHA)
Tipo de ítem Koha Parasitologia_
-- 1
Holdings
Estado de retiro Estado de pérdida Fuente del sistema de clasificación o colocación Estado dañado Restricciones de uso No para préstamo Código de colección Localización permanente Ubicación/localización actual Ubicación en estantería Fecha de adquisición Información codificada de la localización en otra ubicación Enumeración/cronología de publicación seriada Total de préstamos Código de barras Fecha visto por última vez Precio válido a partir de Tipo de ítem Koha Nota pública
    Dewey Decimal Classification   Préstamo interno   Consulta Parasitologia Agricola Parasitologia Agricola   27/10/2005 PARA Volumen: 13   PA_8312-10 25/01/2022 25/01/2022 Libro 3